Bans & Bar Girls: (Record no. 186099)

MARC details
000 -LEADER
fixed length control field 00565nam a22001817a 4500
005 - DATE AND TIME OF LATEST TRANSACTION
control field 20220215095907.0
010 ## - LCCN (DPL NO)
LC control number ENG-131573
020 ## - INTERNATIONAL STANDARD BOOK NUMBER
International Standard Book Number 9789385606243
Terms of availability 595.00
035 ## - SYSTEM CONTROL NUMBER
System control number EN-115105
037 ## - SOURCE OF ACQUISITION
Source of stock number/acquisition DBAD
082 ## - DEWEY DECIMAL CLASSIFICATION NUMBER
Classification number 331.4847950954792
100 ## - MAIN ENTRY--PERSONAL NAME
Personal name Dalwai, Sameena
245 ## - TITLE STATEMENT
Title Bans & Bar Girls:
Remainder of title Performing Caste in Mumbai's Dance Bars/
Statement of responsibility, etc Sameena Dalwai
260 ## - PUBLICATION, DISTRIBUTION, ETC. (IMPRINT)
Place of publication, distribution, etc New Delhi
Name of publisher, distributor, etc Women Unlimited
Date of publication, distribution, etc 2019
270 ## - ADDRESS
Address 7/10, Sarvapriya Vihar
City New Delhi
Postal code 110016
300 ## - PHYSICAL DESCRIPTION
Extent 242p.
Dimensions 22cm(hbk)
942 ## - ADDED ENTRY ELEMENTS (KOHA)
Source of classification or shelving scheme Dewey Decimal Classification
Item type English Books
Classification part 331.4847950954792
Call number suffix DAL
Holdings
Withdrawn status Lost status Not for loan Collection code Home library Current library Date acquired Source of acquisition Cost, normal purchase price Full call number Barcode Copy number Cost, replacement price Koha item type
      Non-fiction Bawana Bawana 15/02/2022 DBAD/PUB 595.00 331.4847950954792 DAL EN-115105 1 595.00 English Books

© Delhi Public Library
Hit Counter
free hit counter